Loreto College Library, Kolkata
WEBOPAC (ONLINE PUBLIC ACCESS CATALOGUE)

Smarani o sharani (Record no. 41782)

MARC details
000 -LEADER
fixed length control field 00539nam a22002057a 4500
005 - DATE AND TIME OF LATEST TRANSACTION
control field 20180906134026.0
008 - FIXED-LENGTH DATA ELEMENTS--GENERAL INFORMATION
fixed length control field 180906b xxu||||| |||| 00| 0 eng d
020 ## - ISBN | অাই এস বি এন
ISBN | অাই এস বি এন 9789384396978
PRICE Rs.250.00
040 ## - CATALOGING SOURCE
Original cataloging agency Loreto College
041 ## - LANGUAGE CODE
Language code English
082 ## - DDC | ডিউই
Classification number | বর্গসংখ্যা 891.448
Book Number | গ্রন্থাঙ্ক BHA
100 ## - MAIN ENTRY--PERSONAL NAME | মুখ্য সংলেখ - ব্যাক্তিনাম
Personal name | ব্যাক্তিনাম Bhattacharya,Sanjay
245 ## - TITLE STATEMENT | অাখ্যা বিবরণী
Title | অাখ্যা Smarani o sharani
Statement of responsibility | লেখকের দায়িত্বের বিবরণ Sanjay Bhattacharya;edited by Gautam Basu
260 ## - IMPRINT | প্রকাশনা ক্ষেত্র
Place of publication | প্রকাশ স্থান Kolkata
Name of publisher | প্রকাশকের নাম Dhansiri
Date of publication | প্রকাশ কাল 2017
300 ## - PHYSICAL DESCRIPTION |
Page / Vol. No | পৃষ্ঠা / খন্ড সংখ্যা 191p
Other physical details | অনান্য বাহ্যিক বিবরণ 22cm
650 ## - SUBJECT ADDED ENTRY--TOPICAL TERM | বিষয় শিরোনাম - মূল বিষয়
Topical term | মূল বিষয় Memoir
700 ## - ADDED ENTRY--PERSONAL NAME | অতিরিক্ত সংলেখ - ব্
Relator code | দায়িত্ব নির্দেশক ed.
Personal name | ব্যাক্তিনাম Basu,Gautam
850 ## - HOLDING INSTITUTION
Holding institution LCLIB
942 ## - ADDED ENTRY ELEMENTS (KOHA)
Koha item type Books
Holdings
Withdrawn status Lost status Source of classification Damaged status Not for loan Home library Current library Date acquired Price Total Checkouts Full call number Accession No. Date last seen Price effective from Koha item type
    Dewey Decimal Classification     Loreto College Loreto College 06/09/2018 250.00   891.448 BHA 52612 45712 06/09/2018 06/09/2018 Books